| 000 | 00481nam a22001937a 4500 | ||
|---|---|---|---|
| 003 | OSt | ||
| 005 | 20140310184509.0 | ||
| 008 | 131014t xxu||||| |||| 00| 0 eng d | ||
| 020 | _a978054515990 | ||
| 050 |
_aPZ 7 _b.C626 2009 |
||
| 100 |
_aClements, Andrew _929116 |
||
| 245 |
_aThe Jacket _cAndrew Clements |
||
| 260 |
_aNew York : _bScholastic _cc2009 |
||
| 300 |
_a92 p. : _bill. ; _c21 cm. |
||
| 521 | _aG4 | ||
| 526 | _c640 | ||
| 942 |
_2lcc _cBK-SCHOLAS |
||
| 999 |
_c34884 _d34884 |
||